Southville International School and Colleges
Your cart is empty.
  • Cart
  • Lists
    Public lists Eva Luna New books Lux_list list_1
    Your lists Log in to create your own lists
  • Log in to your account
  • Your cookies
  • Search history
Southville International School and Colleges
  • Advanced search
  • Recent comments
  • Most popular
  • Libraries

Log in to your account

Log in with GOOGLE


If you do not have an external account, but do have a local account, you can still log in:

  1. Home
  2. MARC view: The truth about bats /
Normal view MARC view ISBD view

The truth about bats / (Record no. 115485)

[ view plain ]
MARC details
000 -LEADER
fixed length control field 00542nam a22001817a 4500
003 - CONTROL NUMBER IDENTIFIER
control field OSt
005 - DATE AND TIME OF LATEST TRANSACTION
control field 20160727154353.0
008 - FIXED-LENGTH DATA ELEMENTS--GENERAL INFORMATION
fixed length control field 121113t xxu||||| |||| 00| 0 eng d
020 ## - INTERNATIONAL STANDARD BOOK NUMBER
International Standard Book Number 0439107989
050 ## - LIBRARY OF CONGRESS CALL NUMBER
Classification number PZ 7
Item number .M821m1 1999
100 ## - MAIN ENTRY--PERSONAL NAME
Personal name Moore, Eva
9 (RLIN) 5228
245 ## - TITLE STATEMENT
Title The truth about bats /
Statement of responsibility, etc written by Eva Moore; illustrations by Ted Enik.
260 ## - PUBLICATION, DISTRIBUTION, ETC. (IMPRINT)
Place of publication, distribution, etc New York.
Name of publisher, distributor, etc Scholastic Inc.
Date of publication, distribution, etc c1999.
300 ## - PHYSICAL DESCRIPTION
Size of unit 19 cm.
Extent 68 p.
Other physical details ill. ;
440 ## - SERIES STATEMENT/ADDED ENTRY--TITLE
Title The Magic School Bus : A Science Chapter Book
Number of part/section of a work #1
942 ## - ADDED ENTRY ELEMENTS (KOHA)
Source of classification or shelving scheme Library of Congress Classification
Koha item type Books
Holdings
Withdrawn status Lost status Source of classification or shelving scheme Damaged status Home library Current library Shelving location Date acquired Source of acquisition Total Checkouts Full call number Barcode Date last seen Copy number Price effective from Koha item type
    Library of Congress Classification   Luxembourg Library Luxembourg Library Kids Fiction Section 04/25/2014 Donation   PZ 7 .M821m1 1999 18573 04/25/2014 1 04/25/2014 Books

The truth about bats /

APA

Moore E., . (1999). The truth about bats. New York: Scholastic Inc.

Chicago

Moore Eva, . 1999. The truth about bats. New York: Scholastic Inc.

Harvard

Moore E., . (1999). The truth about bats. New York: Scholastic Inc.

MLA

Moore Eva, . The truth about bats. New York: Scholastic Inc. 1999.

  • Place hold
  • Print
  • Cite
  • Add to your cart (remove)
  • Save record
    BIBTEX Dublin Core MARCXML MARC (non-Unicode/MARC-8) MARC (Unicode/UTF-8) MARC (Unicode/UTF-8, Standard) MODS (XML) RIS
  • More searches
    Search for this title in:
    Other Libraries (WorldCat) Other Databases (Google Scholar) Online Stores (Bookfinder.com) Open Library (openlibrary.org)

Exporting to Dublin Core...

SOUTHVILLE LIBRARY

Southville International School and Colleges Library

1281 Tropical Ave. Cor. Luxembourg St., BF Homes International, Las Pinas City

Tel. No. 8256374 / 252358 Loc. 117/146

Powered by Koha